| 000 | 00923nam a22003017a 4500 | ||
|---|---|---|---|
| 003 | CHAP | ||
| 005 | 20240905125912.0 | ||
| 008 | 971013s1964 r 00010 d | ||
| 010 | _a13062 | ||
| 011 | _a14034 | ||
| 035 | _a18107 | ||
| 040 | _cCHAP | ||
| 082 |
_a330 _bB35Y |
||
| 100 | 0 | 0 |
_aBaumol, William J. _910878 |
| 245 | _aIntroducción a la dinámica econonómica | ||
| 260 |
_aBarcelona : _bMarcombo, _c1964 |
||
| 300 | _a430 p. | ||
| 490 | _aColección "Obolo" de ciencias económicas | ||
| 590 |
_aBATCH-UPD _b10 _c20130110 _lUCH01 _h1837 |
||
| 590 |
_aBATCH-UPD _b10 _c20130410 _lUCH01 _h1208 |
||
| 590 |
_aBATCH-UPD _b10 _c20130914 _lUCH01 _h1230 |
||
| 590 |
_aCONVERSION _b10 _c20130109 _lUCH01 _h1308 |
||
| 650 | 1 | 4 |
_aEconomía. _935226 |
| 830 | 0 |
_aColección "Obolo" de ciencias económicas _924661 |
|
| 901 | _aBK | ||
| 942 | _cLIBRO | ||
| 949 |
_a330 B35Y _bBC _cLIBRO _d33724000307773 _eLIBRO _h1355 _i18107 _si |
||
| 999 |
_c13062 _d13062 |
||